LEADER 01085nam0 2200289 450 001 000008161 005 20070723160303.0 010 $a9041113835 100 $a20070723d2000----km-y0itay50------ba 101 0 $aeng 102 $aNL 105 $ay-------001yy 200 1 $a<>external economic dimension of the European Union$fedited by Pitou van Dijck and Gerrit Faber 210 $aThe Hague [etc.]$cKluwer law international$d2000 215 $aXXVII, 387 p.$d25 cm$ctab., graf. 225 2 $aLegal aspects of international organization$v35 410 0$12001$aLegal aspects of international organization$v35 610 1 $aRegionalismo - Aspetti economici - Paesi dell\2019 Unione europea 610 1 $aPaesi dell\2019 Unione europea - Relazioni economiche internazionali 676 $a337.4$v21 702 1$aFaber,$bGerrit 702 1$aDijck,$bPitou : van 801 0$aIT$bUNIPARTHENOPE$c2007$gRICA$2UNIMARC 912 $a000008161 951 $aH0061$b000210$cNAVA3$d20070723 996 $aExternal economic dimension of the European Union$9254182 997 $aUNIPARTHENOPE